[Event "Oberpfalz-ch M2"]
[Site "Roding"]
[Date "2010.03.30"]
[Round "7"]
[White "Egert, Karlheinz"]
[Black "Braun, Dieter"]
[Result "0-1"]
[WhiteElo "1678"]
[BlackElo "1772"]
[PlyCount "46"]
[EventDate "2010.03.27"]
[EventType "swiss"]
[EventRounds "8"]
[EventCountry "GER"]
[SourceTitle "EXT 2012"]
[Source "ChessBase"]
[SourceDate "2011.11.24"]
[SourceVersion "1"]
[SourceVersionDate "2011.11.24"]
[SourceQuality "1"]

1. d4 Nf6 2. c4 g6 3. Nc3 Bg7 4. e4 d6 5. f3 0-0 6. Be3 b6 7. Bd3 c5 8. Nge2 Nc6 9. a3 Nh5 10. Bc2 Ba6 11. b3 e5 12. d5 Nd4 13. 0-0 f5 14. f4 Nxe2+ 15. Qxe2 exf4 16. Bd2 Bd4+ 17. Rf2 Qh4 18. Qf3 fxe4 19. Bxe4 Rae8 20. Rd1 Bc8 21. h3 Ng3 22. Ne2 Nxe2+ 23. Qxe2 Rxe4 0-1

[Event "Oberpfalz-ch M2"]
[Site "Roding"]
[Date "2010.03.30"]
[Round "8"]
[White "Egert, Karlheinz"]
[Black "Noeckler, Alexander"]
[Result "0-1"]
[WhiteElo "1678"]
[BlackElo "1798"]
[PlyCount "102"]
[EventDate "2010.03.27"]
[EventType "swiss"]
[EventRounds "8"]
[EventCountry "GER"]
[SourceTitle "EXT 2012"]
[Source "ChessBase"]
[SourceDate "2011.11.24"]
[SourceVersion "1"]
[SourceVersionDate "2011.11.24"]
[SourceQuality "1"]

1. d4 d5 2. c4 e6 3. Nc3 c6 4. e3 Nf6 5. Nf3 Nbd7 6. Qc2 Be7 7. Bd3 dxc4 8. Bxc4 b5 9. Bd3 a6 10. 0-0 Bb7 11. e4 c5 12. e5 Nd5 13. Be4 cxd4 14. Bxd5 exd5 15. Nxd4 Nxe5 16. Qf5 Ng6 17. Re1 0-0 18. Be3 Qd6 19. Nce2 Bf6 20. Rad1 Rfe8 21. Qd3 Be5 22. Nf5 Qb8 23. g3 Bxb2 24. Nf4 Ne5 25. Qe2 d4 26. Qxb2 dxe3 27. Rxe3 f6 28. Nd6 Rd8 29. Qb3+ Kh8 30. Nxb7 Qxb7 31. Rc1 h6 32. Ne6 Rdc8 33. Rce1 Qf7 34. f4 Nc4 35. R3e2 Ra7 36. f5 Ne5 37. Qb1 Nf3+ 38. Kf2 Nxe1 39. Qxe1 Rd7 40. Nf4 Rcd8 41. Qb4 Qc4 42. Ng6+ Kg8 43. Qe1 Qc5+ 44. Kg2 Qd5+ 45. Kg1 Qd1 46. Ne7+ Kf7 47. Nc6 Qxe1+ 48. Rxe1 Rc8 49. Re6 h5 50. a3 g6 51. Na5 Rc2 0-1

[Event "Oberpfalz-ch M2"]
[Site "Roding"]
[Date "2010.03.29"]
[Round "6"]
[White "Restorff, Felix"]
[Black "Egert, Karlheinz"]
[Result "1/2-1/2"]
[WhiteElo "1779"]
[BlackElo "1678"]
[PlyCount "47"]
[EventDate "2010.03.27"]
[EventType "swiss"]
[EventRounds "8"]
[EventCountry "GER"]
[SourceTitle "EXT 2012"]
[Source "ChessBase"]
[SourceDate "2011.11.24"]
[SourceVersion "1"]
[SourceVersionDate "2011.11.24"]
[SourceQuality "1"]

1. Nf3 c5 2. c4 Nc6 3. Nc3 e6 4. d4 cxd4 5. Nxd4 Nf6 6. g3 Be7 7. Bg2 0-0 8. 0-0 a6 9. e4 Rb8 10. Be3 Nxd4 11. Qxd4 d6 12. a4 e5 13. Qd3 Be6 14. a5 Rc8 15. b3 Qd7 16. Na4 Rc6 17. Nb6 Qe8 18. Rfd1 Nd7 19. Nxd7 Qxd7 20. f4 f6 21. Bc1 Qc8 22. Ba3 Re8 23. Qe3 Qc7 24. Bb4 1/2-1/2

[Event "Oberpfalz-ch M2"]
[Site "Roding"]
[Date "2010.03.28"]
[Round "4"]
[White "Zwetz, Anita"]
[Black "Egert, Karlheinz"]
[Result "0-1"]
[WhiteElo "1688"]
[BlackElo "1678"]
[PlyCount "132"]
[EventDate "2010.03.27"]
[EventType "swiss"]
[EventRounds "8"]
[EventCountry "GER"]
[SourceTitle "EXT 2012"]
[Source "ChessBase"]
[SourceDate "2011.11.24"]
[SourceVersion "1"]
[SourceVersionDate "2011.11.24"]
[SourceQuality "1"]

1. d4 Nf6 2. Bg5 e6 3. e4 h6 4. Bxf6 Qxf6 5. e5 Qe7 6. c3 c5 7. Nf3 Nc6 8. a3 cxd4 9. cxd4 d5 10. Bd3 Qc7 11. Nc3 a6 12. Rc1 Qb6 13. b4 Bd7 14. Bb1 Na7 15. 0-0 Be7 16. Re1 a5 17. bxa5 Qxa5 18. a4 Bb4 19. Re3 Bxc3 20. Rexc3 Bxa4 21. Qd3 Bb5 22. Qe3 Bc4 23. Nd2 b5 24. g4 Nc6 25. g5 Qd8 26. gxh6 Rxh6 27. Nxc4 bxc4 28. h3 Qh4 29. f4 Ke7 30. Ra3 Rxa3 31. Qxa3+ Ke8 32. Qa8+ Nd8 33. Qa4+ Kf8 34. Qa3+ Qe7 35. Qc3 g6 36. Rf1 Kg7 37. Rf3 Nc6 38. Bc2 Qa7 39. f5 exf5 40. Rf4 Qa5 41. Qg3 Qa1+ 42. Kh2 Nxd4 43. Rf2 Nxc2 44. Rxc2 Qd4 45. Rf2 Qe4 46. Qc3 d4 47. Qxc4 Qxe5+ 48. Kg2 Rh4 49. Re2 Re4 50. Rf2 Re3 51. Rf3 Qe4 52. Qf1 Kf6 53. Kg3 g5 54. Rxe3 Qxe3+ 55. Kg2 Qe6 56. Qa1 Qd6 57. Kf3 Kg6 58. h4 g4+ 59. Kg2 Qd5+ 60. Kg1 Qd6 61. Kg2 Qf6 62. Qa8 Kh5 63. Qg8 Kxh4 64. Qh7+ Kg5 65. Qg8+ Kf4 66. Qb8+ Qe5 0-1